| 000 | 01633nam1a2200265 i 4500 | ||
|---|---|---|---|
| 001 | RU\NLR\BIBL_A\012124572 | ||
| 005 | 20240921184552.0 | ||
| 035 | _a(NLR Aleph) 012124572 | ||
| 090 |
_a12011607 _c12011607 |
||
| 100 | _a20191021g2019 km y0rusy50 ca | ||
| 101 | 0 | _arus | |
| 102 | _aRU | ||
| 105 | _a||||j|||||||| | ||
| 200 | 1 |
_aЗадачник по аналитической химии _e[для студентов 2 курса фармацевтического факультета] _fУ.Г. Гамзаева, Х.А. Мирзаева, П.А. Гамзатова _gФедеральное государственное бюджетное образовательное учреждение высшего образования "Дагестанский государственный медицинский университет" Министерства здравоохранения Российской Федерации, Кафедра общей и биологической химии |
|
| 210 |
_aМахачкала _cИздательско-полиграфический центр ДГМУ _d2019 |
||
| 215 | _d20 | ||
| 606 | 1 |
_aАналитическая химия _jУчебные издания для высших учебных заведений _xЗадачи _xРешение _92452156 _3RU\NLR\AUTH\661457885 |
|
| 686 | 1 | _aГ4я73-41 | |
| 700 | 1 |
_aГамзаева _bУ.Г. |
|
| 701 | 1 |
_aМирзаева _bХ.А. _gХамисат Ахмедовна |
|
| 701 | 1 |
_aГамзатова _bП.А. |
|
| 852 |
_aNLR _j2019-4/8734 |
||
| 942 | _cBOOK | ||